| 000 -CABECERA |
| campo de control de longitud fija |
01149nam a2200241 a 4500 |
| 001 - NÚMERO DE CONTROL |
| campo de control |
000083364 |
| 005 - FECHA Y HORA DE LA ÚLTIMA TRANSACCIÓN |
| campo de control |
20200120224820.0 |
| 008 - DATOS DE LONGITUD FIJA--INFORMACIÓN GENERAL |
| campo de control de longitud fija |
170814s2016 ck a|||gr|||||000 ||spa d |
| 020 ## - NÚMERO INTERNACIONAL ESTÁNDAR DEL LIBRO |
| Número Internacional Estándar del Libro |
9789581414666 |
| 041 0# - CÓDIGO DE LENGUA |
| Código de lengua del texto/banda sonora o título independiente |
spa |
| 043 ## - CÓDIGO DE ÁREA GEOGRÁFICA |
| Código de área geográfica |
s-ck--- |
| 082 04 - NÚMERO DE LA CLASIFICACIÓN DECIMAL DEWEY |
| Número de clasificación |
634 |
| Número de documento/Ítem |
L25 |
| Número de edición |
21 |
| 100 1# - ENTRADA PRINCIPAL--NOMBRE DE PERSONA |
| Nombre de persona |
Lemaître, Hortensia |
| Fechas asociadas al nombre |
1966- |
| 245 10 - MENCIÓN DE TÍTULO |
| Título |
El huerto ecológico en macetas : |
| Resto del título |
manual completo para horticultores urbanos / |
| Mención de responsabilidad, etc. |
Hortensia Lemaître, José T. Gállego. |
| 250 ## - MENCIÓN DE EDICIÓN |
| Mención de edición |
1a. ed. |
| 260 ## - PUBLICACIÓN, DISTRIBUCIÓN, ETC. |
| Lugar de publicación, distribución, etc. |
Bogotá : |
| Nombre del editor, distribuidor, etc. |
Plaza & Janés, |
| Fecha de publicación, distribución, etc. |
2016. |
| 300 ## - DESCRIPCIÓN FÍSICA |
| Extensión |
238 páginas : |
| Otras características físicas |
ilustraciones en blanco y negro. |
| 520 3# - SUMARIO, ETC. |
| Sumario, etc. |
"En este libro encontrarás toda la información que necesitas para empezar tu huerto en el balcón o la terraza: las macetas más adecuadas para cada tipo de balcón, cómo preparar un buen sustrato, qué hortalizas podemos combinar en una misma maceta, cómo combatir las plagas de manera ecológica, consejos paso a paso para empezar tu primer huerto en la ventana o en la terraza." |
| 650 14 - PUNTO DE ACCESO ADICIONAL DE MATERIA--TÉRMINO DE MATERIA |
| Término de materia o nombre geográfico como elemento de entrada |
Horticultura |
| Subdivisión general |
Manuales |
| 650 24 - PUNTO DE ACCESO ADICIONAL DE MATERIA--TÉRMINO DE MATERIA |
| Término de materia o nombre geográfico como elemento de entrada |
Huertos |
| 650 24 - PUNTO DE ACCESO ADICIONAL DE MATERIA--TÉRMINO DE MATERIA |
| Término de materia o nombre geográfico como elemento de entrada |
Hortalizas |
| -- |
Enfermedades y plagas |
| -- |
Manuales |
| 700 1# - PUNTO DE ACCESO ADICIONAL--NOMBRE DE PERSONA |
| Nombre de persona |
Gállego, José T. |
| Fechas asociadas al nombre |
1973- |